[Event "Aerosvit 2007"]
[Site "Foros"]
[Date "2007.06.19"]
[Round "2"]
[White "GM Van Wely, Loek"]
[Black "GM Onischuk, Alexander"]
[Result "0-1"]
[WhiteElo "2674"]
[BlackElo "2663"]
[Annotator "Êðîéòîð Ìèõàèë"]
[PlyCount "126"]
[EventDate "2007.06.18"]

1. d4 Nf6 2. c4 e6 3. Nf3 d5 4. Nc3 Be7 5. Bf4 O-O 6. e3 Nbd7 7. Rc1 ({
Â ïðîøëîì ãîäó Van Wely èãðàë ïî-äðóãîìó:} 7. c5 c6 8. b4 a5 9. a3 b6 10. h3
Ba6 11. Bxa6 Rxa6 12. b5 cxb5 13. c6 Qc8 14. c7 b4 15. Nb5 a4 16. Rc1 Ne4 17.
Nd2 Nc3 18. Nxc3 bxc3 19. Rxc3 b5 20. Qe2 Qb7 21. O-O Rc8 22. Rb1 Rb6 23. Nf3
b4 24. axb4 Bxb4 25. Rc2 Bd6 26. Rxb6 Qxb6 27. Bxd6 Qxd6 28. Qb5 Rxc7 29. Qxa4
{(1/2 Van Wely,L (2676) - Jussupow,A (2600)/Wolvega NED 2006)}) 7... c5 8. a3
cxd4 9. exd4 dxc4 10. Bxc4 Nb6 11. Bd3 ({
Âñ¸, ÷òî ÿ íàø¸ë - ýòî ïàðòèþ â 14 õîäîâ íåèçâåñòíûõ øàõìàòèñòîâ.} 11. Ba2
Nbd5 12. Nxd5 Nxd5 13. Be5 b6 14. Qd3 {
1/2, Schmidt, Wlodzimierz - Skalik, Przemyslaw, 2000.09.02}) 11... Nbd5 12.
Nxd5 ({Åù¸ ìîæíî áûëî îòñòóïèòü ñëîíîì íà d2} 12. Bd2 Nxc3 13. Bxc3 Nd5 14. O-O
Bd7 {, è íà÷èíàþòñÿ ìàí¸âðû.}) 12... Nxd5 {
Êëàññè÷åñêàÿ ïîçèöèÿ. Èçîëèðîâàííàÿ ïåøêà - ñèëà èëè ñëàáîñòü?} 13. Be5 {
Ïîïûòêà âûçâàòü õîä f7-f6.} Qa5+ 14. Nd2 Bg5 15. h4 {
Èíòåðåñíîå âêëþ÷åíèå, íî ïîëåçíîå ëè?!} ({Íåïëîõî áûëî ïðîñòî} 15. Rc5 Qd8
16. O-O) 15... Bh6 16. Rc5 Qd8 17. Nf3 ({Âåñüìà èíòåðåñíà æåðòâà ïåøêè} 17. O-O
b6 18. Rc2 Qxh4 19. Ne4 {, è áåëûå ôèãóðû íàöåëèâàþòñÿ íà êîðîëÿ. È åñëè} Qd8
({êîíå÷íî, æå çäåñü ñèëüíåå} 19... Bd7 $1 20. b3 Rac8 {
è ÷åðíûå âðîäå áû îòáèâàþòñÿ.}) {, òî} 20. Qf3 $36) 17... f6 18. Bg3 b6 19.
Rc2 Bb7 ({Âñ¸-òàêè Àëåêñàíäðó ñòîèëî ïðåäëîæèòü ðàçìåíÿòü ñëîíîâ -} 19... Bf4
$15 {À òî ó íåãî îí ïîõîæ íà áîëüøóþ ïåøêó.} {Ïîñëå} 20. Bxf4 Nxf4 21. O-O Bb7
22. Re1 Nxd3 23. Qxd3 e5 {âûèãðûâàåòñÿ ïåøêà.}) 20. Qe2 Re8 21. O-O ({
Rybka ñ÷èòàåò áîëåå ìóæåñòâåííûì óãðîçó øàõà} 21. Qe4 f5 22. Qe5 {è òîëüêî
ïîòîì äóìàåò î ðîêèðîâêå. Â ýòîì åñòü ðåçîí - òàê âûèãðûâàþòñÿ ÷åðíûå ïîëÿ â
öåíòðå.}) 21... Nf4 ({Ëó÷øå ñìîòðèòñÿ} 21... Bf4 22. Qe4 f5 23. Qe2 Bxg3 24.
fxg3 $15) 22. Bxf4 Bxf4 23. Be4 Qd7 24. Re1 Rad8 25. Qd3 Bxe4 26. Qxe4 Bb8 27.
Rce2 Re7 $6 {Ñåðü¸çíîå óïóùåíèå!} ({Ïîñëå} 27... h5 28. d5 $6 {âûãîäíî ÷¸ðíûì:
} Qxd5 29. Qxd5 Rxd5 30. Rxe6 Rxe6 31. Rxe6 Kf7 {è ò.ä.}) 28. h5 $6 ({
Ýõ, íå ÷èòàë Ëþê êíèãó ïðî Âëàäèìèðà Êðàìíèêà ñ çàïîìèíàþùèìñÿ íàçâàíèåì
«Ïðîðûâ»! Èíà÷å ïîñëåäîâàëî áû, áåç ñîìíåíèÿ,} 28. d5 $1 Qxd5 (28... e5 29.
Nd4 $1 Rc8 30. Nf5 Ree8 31. d6 $18 {
- ÷åðíûå ôèãóðû ñêîâàíû, ñâÿçàíû è ñòåñíåíû:} Kh8 32. h5 Rc6 33. Rd2 $16) 29.
Rd2 Qxd2 30. Nxd2 Rxd2 {- ñ ôåðç¸ì çà ëàäüþ è ñëîíà.}) 28... Qd5 {Áåëûå
óïóñòèëè ñâîé øàíñ - òåïåðü ÷¸ðíûå òàêîé âîçìîæíîñòè áîëüøå èì íå ïðåäîñòàâèò} 29.
Qg4 Rde8 30. Nd2 ({Õîäîì} 30. h6 $5 {
Ëþê ìîã ïîïîðòèòü ÷¸ðíûì ïåøå÷íóþ ñòðóêòóðó.}) 30... f5 31. Qh4 e5 {
Òåïåðü èíèöèàòèâà - â ðóêàõ ÷åðíûõ.} 32. Qg5 Qf7 ({Âðîäå áû ñèëüíåå ñìîòðèòñÿ
} 32... Qd7) 33. g4 fxg4 34. dxe5 ({
íà ÷åòâåðòü ïåøêè äåøåâëå îöåíèâàåò Rybka ñëåäóþùèé âàðèàíò.} 34. Qxg4 Rf8
35. f3 Qd5) 34... h6 35. Qxg4 Rxe5 36. Rxe5 Bxe5 37. Nc4 ({
Äðóãîé ñïîñîá çàùèòèòü ïåøêó} 37. b4 {
òàêæå â¸ë ê ïîëîæåíèþ ñ ïåðåâñîì ó ÷¸ðíûõ -} Rf8 ({ìàëî ïîëüçû îò ýôôåêòíîãî
} 37... Bh2+ 38. Kf1) 38. Qc4 Bf6 $1 $15 {
, ïðèêðûâàÿ ïîëå å7 â ñëó÷àå ðàçìåíà è íå ïóñêàÿ áåëóþ ëàäüþ.}) 37... Rf8
38. Re2 Bf4 39. Qe6 $6 {Íåóäà÷íîå ïðåäëîæåíèå ðàçìåíà ôåðçåé.} Qxe6 40. Rxe6
Rc8 ({Øóñòðåå áûëî áû ñðàçó íàïàñòü íà ïåøêó} 40... Rf5 41. Re8+ Kh7 (41... Kf7
$2 42. Ra8) 42. Ra8 Rg5+ 43. Kf1 b5 $1 44. Na5 Rxh5 45. Rxa7 Bc1 $17) 41. Nd6
$6 {... è ñîâñåì ïëîõî èäòè â ëàäåéíèê, èáî èçâåñòíîå âûñêàçûâàíèå Òàðòàêîâåðà
- ýòî ãëîáàëüíîå çàáëóæäåíèå!} Bxd6 (41... Rc5 $17) 42. Rxd6 Rc5 43. b4 ({
Âïðî÷åì, ìîæåò, íå òàêîå óæ è çàáëóæäåíèå. Íàïðèìåð, â ñëåäóþùèõ âàðèàíòàõ
íóæíî åù¸ äîêàçàòü, ÷òî ó ÷¸ðíûõ åñòü ïîáåäà.} 43. Rd7 a5 44. Rb7 b5 45. b4
axb4 46. axb4 Rxh5) ({Èëè} 43. Rd8+ Kh7 44. Rd7 a5 45. Rb7 b5 46. b4 axb4 47.
axb4 Rxh5) 43... Rxh5 44. Rd7 a5 45. bxa5 bxa5 46. Ra7 {
Ïîçèöèÿ ÷åì-òî ïîõîæà íà âàðèàíòû â êîììåíòàðèè, íî çäåñü óæå õîä áåëûõ.} Kh7
47. Ra6 Rf5 48. Kg2 ({Àêòèâíåé ñìîòðèòñÿ} 48. f4 h5 49. Kg2 Rxf4 50. Rxa5 {
è ò.ä.}) 48... h5 49. Kg3 g6 50. f3 Kh6 51. a4 Rc5 52. Ra8 ({Ëó÷øå} 52. f4
Rc3+ (52... Kg7 53. Kh4 Rd5 54. Kg3) 53. Kg2 Rc4 54. f5 Rxa4 55. Rxg6+ Kh7 $11)
52... Kg5 53. Rb8 $2 {Ñàìîóáèéñòâî.} ({Íó ïî÷åìó íå} 53. f4+ {? Âåäü ïîñëå}
Kf5 54. Rf8+ Ke4 55. Re8+ Kd4 56. Re6 {áåëûì áóäåò íè÷åéíîå «ùàñòå»...}) {
Òåïåðü æå ïîñëå} 53... h4+ {èä¸ò ïðîñòàÿ ðåàëèçàöèÿ.} 54. Kf2 ({Èëè} 54. Kg2
Rc2+ 55. Kh3 Rf2 56. Rf8 Rf1 57. Kh2 Ra1 $19) 54... Rc2+ 55. Ke3 h3 56. Rh8 h2
57. Rh7 Ra2 58. Rh8 Ra3+ $1 59. Kf2 Rxa4 60. Kg3 ({«Èëè»} 60. Rxh2 Ra2+ 61.
Kg3 Rxh2 62. Kxh2 a4) 60... Ra2 61. Rh7 a4 62. Rh8 Rb2 63. Rf8 a3 ({
Îáõîäÿ ïîñëåäíþþ ëîâóøêó} 63... h1=Q 64. f4+ Kh6 65. Rh8+ Kg7 66. Rxh1) 0-1

[Event "Aerosvit 2007"]
[Site "Foros RUS"]
[Date "2007.06.19"]
[Round "2"]
[White "GM Dominguez Perez, Lenier(CUB)"]
[Black "GM Shirov, Alexei(ESP)"]
[Result "0-1"]
[WhiteElo "2678"]
[BlackElo "2699"]
[Annotator "Ëåáåäåâ Âàñèëèé"]
[PlyCount "92"]
[EventDate "2007.??.??"]

{Ïðîäîëæèë ñâî¸ ïîáåäíîå øåñòâèå Àëåêñåé Øèðîâ, êàê áóäòî è íå áûëî çà
ïëå÷àìè äâà òÿæåëåéøèõ ïðåòåíäåíòñêèõ ìàò÷à.} 1. e4 e5 2. Nf3 Nc6 3. Bb5 a6
4. Ba4 Nf6 5. O-O b5 6. Bb3 Bc5 7. a4 {
Áîèòñÿ? Çíà÷èò, óâàæàåò! Óâàæàåò Ôðýíêà Ìàðøàëëà!} Rb8 8. c3 d6 9. d4 Bb6 10.
Na3 O-O 11. axb5 axb5 12. Nxb5 {Ó Àëåêñåÿ òóò áîãàòàÿ ïðàêòèêà. Õîòÿ è äàâíî
âñ¸ ýòî áûëî, äà è äâå ïîñëåäíèå ïàðòèè îí ïðîèãðàë...} Bg4 13. Bc2 (13. Re1
Bxf3 14. gxf3 Nh5 15. Be3 (15. Kh1 Qf6 16. Rg1 Nf4 17. Be3 Ne6 18. Bxe6 fxe6
19. Rg3 Kh8 20. Qd3 exd4 21. cxd4 e5 22. d5 Ne7 23. Bxb6 Rxb6 24. Nxc7 Rxb2 25.
Ne6 Rg8 26. Kg1 Ng6 27. Qa3 Rb6 28. Kh1 Nf4 29. Nxg7 Ne2 30. Nf5 Rgb8 31. Qd3
Rb2 32. Rf1 Ra8 33. Qc4 Nxg3+ 34. hxg3 Qd8 35. Qc1 Rb3 36. Kg2 Qf8 37. Qc7 {
(1-0 Svidler,P (2690) - Shirov,A (2710)/Linares 1998).}) 15... Qf6 16. Kh1 exd4
17. cxd4 Ba5 18. Rg1 Rxb5 19. Ba4 Rxb2 20. Bxc6 Bb6 21. Rg4 Rb4 22. e5 dxe5 23.
dxe5 Qe7 24. Qd5 Bxe3 25. fxe3 g6 26. Rxb4 Qxb4 27. e6 Qc3 28. Rg1 Nf6 29.
exf7+ Rxf7 30. Qe6 Kg7 31. Rg5 Qa3 32. Re5 Qd3 33. Kg2 Qe2+ 34. Kg1 Qe1+ 35.
Kg2 Qe2+ 36. Kg1 h5 37. Rg5 Qd1+ 38. Kg2 Qc2+ 39. Kg3 Nh7 40. Qe5+ Kh6 41. Be4
Rxf3+ 42. Kxf3 Qd1+ 43. Kf4 Qf1+ 44. Bf3 Qc4+ 45. Be4 Qf1+ {
(1/2 Ivanchuk,V (2725)-Shirov,A (2700)/Belgrade 1997).}) (13. Be3 exd4 14. cxd4
Qe8 15. h3 Bd7 16. Nc3 Nxe4 17. Re1 Nxc3 18. bxc3 Qc8 19. c4 Bf5 20. Re2 Na5
21. Ba2 c5 22. d5 Bd8 23. Bd2 Qa6 24. Qa4 Ra8 25. Bc3 Nb7 26. Qd1 Ba5 27. Bb2
Bb4 28. Nh4 Bg6 29. f4 Qa4 30. Qxa4 Rxa4 31. f5 Rfa8 32. Re7 Bh5 33. g4 f6 34.
gxh5 Rxa2 35. Rxa2 Rxa2 36. h6 Rxb2 37. Rxg7+ Kh8 38. Rxb7 Bc3 39. Rd7 Kg8 40.
Rd8+ Kf7 41. Rh8 Bd4+ 42. Kf1 {
(1-0 Anand,V (2765) - Shirov,A (2700)/Groningen 1997).}) 13... Bxf3 (13... d5
14. Bg5 exd4 15. cxd4 Bxf3 16. Qxf3 Bxd4 17. exd5 Qxd5 18. Qxd5 Nxd5 19. Nxd4
Nxd4 20. Be4 Nf6 21. Bxf6 gxf6 22. Ra7 Rfe8 23. Bd3 Re7 24. Rb1 Nb3 25. h3 Nd2
26. Rc1 Rb3 27. Rc3 Rxc3 28. bxc3 Nb3 29. Ra4 Nc5 30. Rg4+ Kh8 31. Bc4 h6 32.
Bd5 Nd7 33. Kh2 Ne5 34. Rg3 Rd7 35. Bb3 Rd2 36. f4 Nd3 37. Bxf7 Nxf4 38. Rg4
Ne2 39. Rc4 Rc2 40. Bh5 Nxc3 41. Bg6 Rc1 42. Bd3 Na2 43. Rxc1 Nxc1 44. Bc4 f5
45. Kg3 Kg7 46. Kf3 Kf6 47. Kf4 c6 48. h4 Kg6 49. Ke5 Kh5 50. g3 Kg4 51. h5
Kxg3 52. Kxf5 Kf2 53. Kg6 Ne2 {
(1/2Topalov,V (2700) - Shirov,A (2690)/Wijk aan Zee 1996).}) 14. gxf3 (14. Qxf3
exd4 15. Bg5 h6 16. Bh4 dxc3 17. bxc3 Ne5 18. Qe2 Ng6 19. Bg3 Re8 20. Rad1 Qd7
21. Nd4 Qg4 22. f3 Qg5 23. f4 Qh5 24. Rf3 Nh4 25. Bxh4 {
(1/2 Polgar,J (2645) - Shirov,A (2690)/Linares 1997).}) 14... Nh5 15. Be3 $146
{Íîâèíêà, êîòîðàÿ âðÿä ëè áóäåò ïðåòåíäîâàòü íà çâàíèå ëó÷øåé...} ({
Íè÷üè ñ ïîçèöèè ñèëû äîáèëèñü ÷¸ðíûå â ñëåäóþùåì ïîåäèíêå:} 15. Kh1 Qf6 16.
Ra4 Nf4 ({ëþáîïûòíî íîâîââåäåíèå} 16... Ne7 17. Rg1 Ng6 18. Bg5 Qe6 19. Bd3
Nhf4 20. Bf1 c6 21. Na3 d5 22. exd5 cxd5 23. Nc2 Ra8 24. Ne3 Rxa4 25. Qxa4 exd4
26. cxd4 Bc7 27. Qa7 Bb8 28. Qa6 Qxa6 29. Bxa6 Nh3 30. Nxd5 Nxg1 31. Kxg1 Ba7
32. Be3 Rd8 33. Bc4 Kf8 34. Kf1 Ne7 35. Nxe7 Kxe7 36. d5 Bb8 37. h3 Bd6 38. Ke2
Ra8 39. f4 Ra1 40. Kf3 Rh1 41. Kg2 Rb1 42. b3 f6 43. Kf3 Bb4 44. Ba7 Ra1 45.
Bd4 Rh1 46. Kg2 Rd1 47. Ba7 Bd6 48. Be3 Ra1 49. Kf3 Bb4 50. Bd4 Ra2 51. Bd3 Ra3
52. Bc4 Kd6 53. Ke4 Ra2 54. Be3 Ra1 55. Kf3 Rg1 56. Ba7 Rh1 57. Kg2 Rd1 58.
Bb8+ Kd7 59. Ba7 Bd2 60. Kf3 Rh1 61. Kg2 Ra1 62. Bd4 Rd1 63. Be3 Bxe3 64. fxe3
f5 65. Kf3 Kd6 66. Kg3 Kc5 67. Kf3 Rd2 68. Kg3 Ra2 69. Kf3 Ra8 70. Ke2 Ra1 71.
Kf3 Rg1 72. Kf2 Rg6 73. Bd3 Rf6 74. Bc4 Rh6 75. Kg3 Kb4 76. Bd3 Rf6 77. e4 fxe4
78. Bxe4 h6 79. Bh7 Kxb3 80. Bg8 Kc3 81. Kg4 Kd4 82. Be6 g6 83. Kf3 Rf8 84. h4
Rf6 85. f5 Ke5 86. d6 Kxd6 87. Kf4 Ke7 88. Ke5 g5 89. h5 Rf8 90. Bd5 g4 91. Kf4
Rd8 92. Be4 Rd4 93. Ke5 Ra4 94. f6+ Kf7 95. Bg2 g3 96. Kf5 Ra2 97. Bd5+ Kf8 98.
Bxa2 g2 {0-1 Kosintseva,N (2472) - Lahno,K (2449)/Krasnoturinsk 2006}) 17. Rg1
Ne7 18. Be3 Neg6 19. Rg3 Nh5 20. Rg4 h6 21. Na3 Nh4 22. Bd3 Ra8 23. Rxa8 Rxa8
24. Be2 Ng6 25. Nc4 Nhf4 26. Bf1 Ra2 27. Qb1 Ra4 28. Qd1 Ra2 29. Qb1 Ra4 30.
Qd1 {(1/2 Leko,P (2741) - Karjakin,S (2591)/Dortmund 2004).}) ({
Rybka, íè÷òîæå ñóìíÿøåñÿ, ñîâåòóåò áåñõèòðîñòíîå} 15. dxe5 dxe5 (15... Nxe5
16. f4) 16. Qxd8 Rfxd8 17. Ra6 $16 {, è, íàïðèìåð, íåëüçÿ} Nf4 $2 18. Nxc7 $1)
{...èáî ïîñëå} 15... Qf6 {ó ÷¸ðíûõ, ïî ìîåìó ñêðîìíîìó ðàçóìåíèþ, âïîëíå
ïðèëè÷íàÿ êîìïåíñàöèÿ çà ïåøêó.} 16. Kh1 Ne7 ({
Ñìåøíî äóìàòü, ÷òî Àëåêñåé íå âèäåë ïðîñòîãî, íî ýôôåêòíîãî óäàðà} 16... Bxd4
$5 17. Nxd4 exd4 18. cxd4 Rxb2 {ñ îòûãðûøåì ìàòåðèàëà, íî â ýòîì ñëó÷àå, êàê
ìû âèäèì, ïîçèöèÿ óïðîùàëàñü, à ó áåëûõ îñòàâàëèñü äâà ñëîíà.} 19. Rg1) 17.
Rg1 Ng6 18. Rg4 {
Ïîëó÷èëîñü ïî÷òè òàêîå æå ïîëîæåíèå, êàê â ïàðòèè Ëåêî - Êàðÿêèí.} Nhf4 19.
Bb3 c6 20. Na3 ({Íà} 20. Na7 {ïîñëåäîâàëî áû} exd4 $1 ({ëþáîïûòíî è} 20...
Bxa7 21. Rxa7 Nd3 $1 22. Rg3 Ngf4 {è ò.ä.}) 21. cxd4 {
È ñìîòðèòå, êàê ìîãëà ðàñïðÿìèòüñÿ ïðóæèíà ÷¸ðíûõ ôèãóð:} Ne2 $1 22. Qxe2 Bxa7
23. Rxa7 Rxb3 24. f4 Rfb8 25. Qc4 (25. Ra2 h5) 25... h5 $1 26. e5 $2 dxe5 27.
dxe5 Nxe5 $1 28. fxe5 Qf3+ 29. Rg2 Rxe3 $1 30. fxe3 Rxb2 31. Qxf7+ $1 {(øàíñ!)}
Qxf7 32. Rxf7 Rb1+ $1 (32... Rxg2 $2 33. Rc7 $11) 33. Rg1 Rxg1+ {(øàõ!)} 34.
Kxg1 Kxf7 $19) {À òåïåðü ñëåäóåò î÷åðåäíîé, «òèïè÷íî øèðîâñêèé» õîä, ïîñëå
êîòîðîãî ïîæàð íà÷èíàåò ïîëûõàòü ïî âñå äîñêå!} 20... d5 $1 21. exd5 (21. Nc2
$5 {Rybka} dxe4 22. fxe4 Nh3 23. Kg2 Ngf4+ 24. Kf1 h5 25. Rg3 Rfd8) 21... cxd5
22. Nb5 {Êîíÿ êàê-òî íàäî ïðèñòðàèâàòü...} (22. dxe5 Qxe5 23. Qd2 Bxe3 24. fxe3
Rxb3 25. exf4 Qf5 $15) 22... Qc6 23. Ba4 ({Î÷åðåäíàÿ ðûáíàÿ ðûáà âûãëÿäèò òàê:
} 23. Na7 Qb7 {,} {è ñëàáî} 24. dxe5 $6 ({íàäî ñîãëàøàòüñÿ íà} 24. Nb5 Qc6 25.
Na7) 24... Bxa7 25. Bxf4 Qxb3 26. Qxb3 Rxb3 27. Rxa7 h5 $1 28. Rxg6 fxg6 29.
Bc1 Rxf3 {è ò.ä.}) 23... f5 24. Rg3 e4 {Ïîçèöèÿ, êîíå÷íî, ãîëîâîëîìíåéøàÿ...}
25. fxe4 ({Ìàëî ÷òî äàâàëà è õèòðàÿ òàêòèêà:} 25. Na7 Qe6 26. Nc6 Ra8 27. Nb4
Nh5 $13) 25... dxe4 $6 {Åñòåñòâåííî, ÷¸ðíûå ìå÷òàþò äîáðàòüñÿ äî êîðîëÿ
ïðîòèâíèêà, ïîýòîìó è íå çàãðîìîæäàþò áîëüøóþ áåëóþ äèàãîíàëü. Íî âïîëíå
ìîæåò îêàçàòüñÿ, ÷òî ýòîò õîä íåòî÷íîñòü, êîòîðîé, ïðàâäà, ïðîòèâíèê íå
âîñïîëüçîâàëñÿ.} ({Ïîñëå} 25... fxe4 26. Na7 Qe6 27. Nc6 Rbc8 28. Nb4 Ba5 {
ñëîíû áåëûõ ïî-ïðåæíåìó îñòàâàëèñü íå ó äåë, è âåñüìà «ïëîòíàÿ» áîðüáà
ïðîäîëæàëàñü.}) 26. d5 $6 ({Ìàí¸âð} 26. Na7 $1 {
çäåñü áûë ñèë¸í, êàê íèêîãäà ðàíåå:} Qd6 ({èëè} 26... Qc7 27. Nc6 Ra8 28. Qb3+
Kh8 29. Ne5 Rfb8 30. Qf7 $1) ({èëè} 26... Qb7 27. Qb3+ Kh8 28. Nc6 Ra8 29. d5)
27. Nc6 Rb7 (27... Rbc8 $4 28. Qb3+) 28. Bb3+ Kh8 29. Ne5 $1 $16) (26. c4 $5)
26... Qf6 ({Êîíå÷íî, íåâàæíî} 26... Nxd5 $6 {ââèäó} 27. Bb3 $1) 27. Bxb6 (27.
d6 Bxe3 28. Rxe3 (28. fxe3 Nd3 {è íàä ïîçèöèåé áåëûõ ãðîçíî «íàâèñàåò» f5-f4}
) 28... Ne5 {è ÷¸ðíûå êîíè íà÷èíàþò áèòü êîïûòîì ñîâñåì óæ áëèçêî îò
ðåçèäåíöèè áåëîãî êîðîëÿ.}) 27... Qxb6 28. Qd4 {
Êîíå÷íî, â òàêîé ñèòóàöèè ïðåäëîæèòü ðàçìåí ôåðçåé ñàìà Êàèññà âåëåëà!} Qb7 ({
Áåëûõ ïîòåðÿ êà÷åñòâà ïîñëå} 28... Ne2 29. Qxb6 Nxg3+ 30. hxg3 Rxb6 {
äóìàåòñÿ, ñîâñåì íå ñìóùàåò}) 29. c4 $6 {À âîò òåïåðü, ñ ôåðçÿìè íà äîñêå,
ëèøíåå êà÷åñòâî ÷¸ðíûõ «çàèãðàåò» íîâûìè êðàñêàìè.} ({Ñèëüíåå} 29. d6 $1 {
è ïîêà íåëüçÿ} Ne2 $4 {èç-çà} 30. Qc4+) 29... Ne2 30. Qa7 $2 {
Ìîãëî ïðèâåñòè ê ìãíîâåííîìó ðàçãðîìó.} ({Íî è} 30. Qe3 Nxg3+ 31. hxg3 Ne5 {
ìàëî âäîõíîâëÿåò.}) 30... Nxg3+ 31. hxg3 Qc8 $6 ({Ïîñëå} 31... Qxa7 32. Nxa7
Rxb2 {àòàêà ÷¸ðíûõ «ïåðâåé», íåæåëè ïðîõîäíûå áåëûõ. Íàïðèìåð,} 33. c5 f4
34. gxf4 Nxf4 35. d6 Nd3 36. c6 Nxf2+ 37. Kg1 Nh3+ 38. Kh1 Rff2) 32. Qc7 $2 ({
Íåèìîâåðíî îáîñòðÿëàñü èãðà ïîñëå ïðàâèëüíîãî} 32. Nd6 $5 Qd8 33. Bd7 Kh8 (
33... Ne5 $6 34. Be6+ Kh8 35. Nxf5 Qf6 36. Re1) 34. c5 $1 {
- è â êîíöå ÌÎÅÃÎ âàðèàíòà âñ¸ æå óäà¸òñÿ ñëîìèòü ñîïðîòèâëåíèå áåëûõ:} Rxb2
35. c6 f4 $1 36. Qd4 (36. c7 Qf6 37. c8=Q fxg3 $1) 36... fxg3 $1 37. fxg3 (37.
Qxb2 Qh4+ {ñ ìàòîì}) 37... Qb8 $1 38. Nxe4 Rb4 39. Qe3 Qe5 40. Re1 Qh5+ 41. Kg1
Rb2 {Íî íå ðèñêíó óòâåðæäàòü, ÷òî âñ¸, òîëüêî ÷òî ïðîèñõîäèâøåå íà âàøèõ
ãëàçàõ, - èñòèíà.]}) 32... Qa6 ({Îïÿòü, ïî âñåé âèäèìîñòè, ìîæíî áûëî èãðàòü} 
32... Qxc7 33. Nxc7 Rxb2 {è ò.ä.}) 33. d6 ({Ïîñëå} 33. Qc6 {
÷¸ðíûé ôåðçü óñêîëüçàë îò ðàçìåíà:} Qa5 {, çàòåì íà d2 è ò.ä.}) 33... e3 $1
34. fxe3 Qa8+ {
Âåëèêèé Àëåõèí î÷åíü ãîðäèëñÿ ïîäîáíûì (ñàìûì äëèííûì èç âîçìîæíûõ) øàõîì!}
35. Kh2 Ne5 ({Ïîõîæå, ÷òî áûëî áîëåå êðàñèâîå ðåøåíèå ïîçèöèè:} 35... f4 $3
36. exf4 (36. gxf4 Qf3 $19) 36... Qf3 $5 ({ñèëüíåå è êîìïüþòåðíåå} 36... Rfe8
$1) 37. Rg1 (37. d7 Qf2+ 38. Kh3 Nxf4+ $1 39. gxf4 Rb6) 37... Qh5+ 38. Kg2
Nxf4+ $1 39. gxf4 Qg4+ {è ò.ä.}) 36. Qc5 Ng4+ 37. Kg1 Kh8 {Áåç ôåðçåé ñêó÷íî
èãðàòü, ïîýòîìó ÷¸ðíûå ëèøàþò áåëûõ âñåõ íàäåæä íà ðàçìåí ñèëüíåéøèõ ôèãóð.}
38. Qd5 {Åñëè áû íå ïðåäûäóùèé õîä ÷¸ðíûõ, òî ñåé÷àñ áûë áû øàõ!} Qa5 39. Qd4
$2 ({Íà ïàäàþùåì ôëàæêå íàéòè âàðèàíò} 39. d7 $1 Nxe3 40. Qd4 Nc2 41. b4 $1 {
áåëûå íå ñóìåëè...}) 39... Rbe8 40. b4 Qd8 41. Ra3 ({Èëè} 41. Re1 Re4 42. Qd2 (
42. Qc5 Ne5) 42... Ne5) 41... Re4 42. Qc5 Re5 ({Óæå ñåé÷àñ ðåøàëî} 42... f4 $1
{, íî ÷¸ðíûå ðåøàþò «ïðîäëèòü óäîâîëüñòâèå», è èñïîëíÿþò ýòîò «òû÷îê»
÷óòü ïîãîäÿ]}) 43. Qd4 ({Èëè} 43. Qa7 Rxb5 $1 44. Bxb5 Qxd6 $19) 43... f4 $1
44. exf4 ({Êðàñèâåå «ðàçãðàìëèâàëèñü» áåëûå ïîñëå} 44. Bd1 fxg3 $1 45. Bxg4 (
{èëè} 45. Qxg4 Qf6 46. Bf3 Rg5 47. Qf4 Rf5) 45... Qh4 46. Ra2 g2 $1 47. Kxg2 (
47. Rxg2 Qe1+ 48. Kh2 Rf1) 47... Rg5 {.}) 44... Re1+ 45. Kg2 Qe8 $1 {
È íåèçáåæíîå ñâåðøèëîñü:} 46. Bd1 Qh5 {
- ìàò íåèçáåæåí.} 0-1

[Event "Aerosvit 2007"]
[Site "Foros RUS"]
[Date "2007.06.19"]
[Round "2"]
[White "GM Rublevsky, Sergei(RUS)"]
[Black "GM Svidler, Peter(RUS)"]
[Result "1/2-1/2"]
[WhiteElo "2680"]
[BlackElo "2736"]
[Annotator "Ëåáåäåâ Âàñèëèé"]
[PlyCount "25"]
[EventDate "2007.??.??"]

1. e4 c6 {Òàê-òàê. ×åòâ¸ðòûé ðàç â «ñîçíàòåëüíîé» øàõìàòíîé æèçíè Ï¸òð
Ñâèäëåð îòâå÷àåò òàê íà 1.å4, âèäèìî, ïîòîìó, ÷òî åãî ïàðòí¸ð, Ñåðãåé
Ðóáëåâñêèé, ïðåäïî÷èòàåò ñõåìó ñ 3.å5, êîòîðàÿ ñîâñåì íåïîõîæà íà îáû÷íóþ
êàðîêàíîâñêóþ ñóõîñòü.} 2. d4 d5 3. e5 (3. Nd2 dxe4 4. Nxe4 Bf5 5. Ng3 Bg6 6.
Bc4 e6 7. N1e2 Bd6 8. h4 h6 9. Nf4 Bxf4 10. Bxf4 Nf6 11. h5 Bh7 12. O-O Nbd7
13. Bb3 O-O 14. Re1 Qb6 15. c4 c5 16. d5 exd5 17. cxd5 Qb4 18. Qd2 Qxd2 19.
Bxd2 {(Short,N (2684) - Svidler,P (2690)/Santo Domingo 2002).}) (3. exd5 cxd5
4. c4 Nf6 5. Nc3 e6 6. Nf3 Bb4 7. cxd5 Nxd5 8. Qc2 Nc6 9. Be2 Nce7 10. O-O Bd7
11. Ne4 Bc6 12. a3 Bd6 13. Bd3 Rc8 14. Ne5 Ng6 15. Nxc6 bxc6 16. Nxd6+ Qxd6 17.
Qc5 Qxc5 18. dxc5 a5 19. Bd2 Ra8 20. b4 axb4 21. axb4 Kd7 22. b5 Ne5 23. Be2
cxb5 24. Bxb5+ Nc6 25. Rfd1 Rhb8 26. Bc4 Rxa1 27. Rxa1 Rb2 28. Bxd5 Rxd2 29.
Be4 f5 30. Bxc6+ Kxc6 31. h4 Rd7 32. Ra6+ Kxc5 33. Rxe6 Kd5 34. Re2 Ra7 35. Kh2
Ra5 {(1/2 Polgar,J (2710)-Svidler,P (2742)/Rishon Le Ziyyon 2006)}) 3... Bf5 4.
Nd2 ({Î÷åíü âåñ¸ëîé ïîëó÷èëàñü ñëåäóþùàÿ ïàðòèÿ:} 4. f4 e6 5. Nf3 h5 6. Be3
Qb6 7. Qc1 Nh6 8. c4 Nd7 9. Nbd2 c5 10. Nb3 Rc8 11. Qd2 Be7 12. Rc1 O-O 13.
dxc5 Nxc5 14. Nxc5 Bxc5 15. Bxc5 Qxc5 16. b4 Qc7 17. c5 f6 18. exf6 Rxf6 19.
Bb5 a6 20. Ba4 b5 21. Bd1 Be4 22. Ng5 Bxg2 23. Rg1 Be4 24. Bxh5 Rcf8 25. Rc3
Rxf4 26. Nxe6 Qe5 27. Nxf4 Rxf4 28. Be2 d4 29. Rcg3 Nf5 30. Rg4 Rxg4 31. Rxg4
d3 32. Qf4 Qc3+ 33. Qd2 Qa1+ 34. Bd1 Bf3 35. Rg3 Nxg3 36. hxg3 Qe5+ 37. Kf2
Bxd1 38. Qxd1 Qd4+ 39. Kf3 Qxb4 40. Qb3+ Qxb3 41. axb3 Kf7 42. b4 Ke6 43. Ke3
Kd5 44. Kxd3 a5 {(1/2 Morozevich,A (2741)-Svidler,P (2735)/Monte Carlo 2005).})
4... e6 5. Nb3 Nd7 6. Nf3 Ne7 7. Be2 h6 8. O-O Qc7 ({
Îäèí ðàç òóò äàæå óäàëîñü ÷¸ðíûìè (!) îòáèòüñÿ îò ñàìîãî Ãàððè Êàñïàðîâà:} 
8... Bh7 9. c3 Rc8 10. Bd2 Ng6 11. Be3 Be7 12. Ne1 c5 13. f4 O-O 14. Nf3 c4 15.
Nc1 b5 16. Qd2 a5 17. Bd1 f5 18. Ne2 b4 19. h3 Rb8 20. g4 bxc3 21. Nxc3 Nh4 22.
Rf2 Kh8 23. Ba4 Nb6 24. Bc2 Na8 25. Rb1 Nc7 26. Nxh4 Bxh4 27. Rg2 Be7 28. Qd1
Bb4 29. Ne2 a4 30. gxf5 exf5 31. Bxa4 Ne6 32. Bc2 Qh4 33. Kh2 g5 34. Qf1 g4 35.
Rg1 Rg8 36. Bf2 Qh5 37. Ng3 Qf7 38. Ne2 Qh5 39. Ng3 Qf7 40. Ne2 {
(1/2 Kasparov,G (2847)-Vallejo Pons,F (2629)/Linares 2003).}) 9. Bd2 a5 $146 (
9... Be4 10. Rc1 Rc8 11. Ba5 Qb8 12. Be1 a6 13. Nfd2 Bh7 14. f4 c5 15. dxc5
Nxc5 16. Nxc5 Rxc5 17. Bf2 Rc8 18. c4 Rd8 19. Qa4+ Rd7 20. Nb3 Nc6 21. cxd5
Rxd5 22. Rxc6 bxc6 23. Qxc6+ Ke7 24. Qxa6 g5 25. Bc4 Rd7 26. Bc5+ Kd8 27. Qa5+
Kc8 28. Ba6+ Rb7 29. Bxf8 Rxf8 30. Qc5+ Kd7 31. Rd1+ {
1-0 Nijboer,F (2598)-Siebrecht,S (2414)/Amsterdam 2006/CBM 113 ext}) 10. a4 g5
{È, âèäèìî, òóò áåëûå ðåøèëè îòûñêàíèå îòâåòà íà âîïðîñ «Õîðîø èëè ïëîõ íîâûé
ïëàí Ïåòðà Ñâèäëåðà â âàðèàíò 3. å5?», îòëîæèòü íà ïîòîì.} 11. c4 ({
È, êàê âñåãäà, ïðè âèäå íîâèíêè â ãîëîâó ëåçåò íåáîëüøîé «êðåàòèôô÷åã»:} 11.
h4 $5 g4 12. Ne1 h5 13. Nd3 Be4 14. Qe1 $5 {Ýòî íå íàïàäåíèå íà ïåøêó à5, ýòî
çàùèòà ïåøêè h4! È ñëåäóþùèé õîä áåëûõ ïðåäóãàäàòü íåòðóäíî - f2-f3!}) 11...
Bg7 12. Bc3 O-O 13. h3 {È â ýòîé, êàê ãîâîðèòñÿ, «ïîëíîé æèçíè» ïîçèöèè
ïîñëåäîâàëî ñîãëàøåíèå (ïî àíòèñîôèéñêèì ïðàâèëàì ;)) íà íè÷üþ.} 1/2-1/2